Tarikh al-'Arab al-'amm : imabarāṭūrīyat al-ʻArab, ḥaḍārtuhum, madārisuhum al-falsafīyah wa-al-ʻilmīyah wa-al-adabīyah /
Main Author:
Other Authors:
Format: Book
Language: Arabic
Published:
al-Qahirah :
multazim al-ṭabʻ wa-al-nashr aṣḥāb Dār al-Iḥyāʼ al-Kutub al-ʻArabiyah ʻĪsá ̄al-Bābī al-Ḥalabī,
1948.
Subjects:
Tags: Add Tag
Call Number: DS223 .S4412 1948
| LEADER | 01385nam a2200265Ia 4500 | ||
|---|---|---|---|
| 003 | OSt | ||
| 005 | 20230419091502.0 | ||
| 008 | 130303s1948 ua 000 0 ara d | ||
| 952 | |0 0 |1 0 |2 lcc |4 0 |6 DS0223 S4412 01948 |7 1 |9 47066 |a ARCE |b ARCE |d 2023-04-19 |l 0 |o DS223 .S4412 1948 |p 1026585 |r 2023-04-19 00:00:00 |w 2023-04-19 |y BK | ||
| 999 | |c 25693 |d 25693 | ||
| 040 | |c ARCE Library | ||
| 050 | 4 | |a DS223 .S4412 1948 | |
| 100 | 1 | |a Sédillot, L.-A. |q (Louis-Amélie), |d 1808-1875, |e author | |
| 240 | 1 | 0 | |a Histoire des Arabes. |l Arabic |
| 245 | 1 | 0 | |6 880-02 |a Tarikh al-'Arab al-'amm : |b imabarāṭūrīyat al-ʻArab, ḥaḍārtuhum, madārisuhum al-falsafīyah wa-al-ʻilmīyah wa-al-adabīyah / |c L. A. Sidiyu ; tarjamah 'Adil Zu'aytir. |
| 264 | 1 | |a al-Qahirah : |b multazim al-ṭabʻ wa-al-nashr aṣḥāb Dār al-Iḥyāʼ al-Kutub al-ʻArabiyah ʻĪsá ̄al-Bābī al-Ḥalabī, |c 1948. | |
| 300 | |a 541 pages ; |c 24 cm. | ||
| 500 | |a Translation of : Histoire des Arabes. | ||
| 650 | 0 | |a Arabs. | |
| 650 | 0 | |a Civilization, Arab. | |
| 650 | 0 | |a Islamic Empire |x History. | |
| 700 | 1 | |a Zuʻaytar, ʻĀdil, |d 1897-1957. | |
| 880 | 1 | 0 | |6 245-02/(3/r |a تاريخ العرب العام : |b إمبراطورية العرب، حضارتهم، مدارسهم الفلسفية و العلمية و الأدبية |c ل. أ. سيديو؛ ترجمة عادل زعيتر. |
| 901 | |a reviewed | ||
| 942 | |c BK |2 lcc | ||
